Madrid en el siglo XXI, transformaciones y retos de su realidad social. (Record no. 20815)

MARC details
000 -LEADER
campo de control de longitud fija 00813nam a2200217 i 4500
001 - NÚMERO DE CONTROL
campo de control 20815
003 - IDENTIFICADOR DE NÚMERO DE CONTROL
campo de control ES-MaACL
005 - FECHA Y HORA DE LA ÚLTIMA TRANSACCIÓN
campo de control 20230906152352.0
007 - CAMPO FIJO DE DESCRIPCIÓN FÍSICA--INFORMACIÓN GENERAL
campo de control de longitud fija t|
008 - DATOS DE LONGITUD FIJA--INFORMACIÓN GENERAL
campo de control de longitud fija 140926s2013 sp ||||1| spa d
020 ## - NÚMERO INTERNACIONAL ESTÁNDAR DEL LIBRO
Número Internacional Estándar del Libro 978-84-7074-580-5
245 00 - MENCIÓN DEL TÍTULO
Título Madrid en el siglo XXI, transformaciones y retos de su realidad social.
Número de parte o sección de la obra II,
Nombre de parte o sección de la obra La realidad social de Madrid /
Mención de responsabilidad, etc. Antonio Lucas Marín, Carmen Cortés Beltrán, María Dolores Cáceres Zapatero (Editores).
260 ## - PUBLICACIÓN, DISTRIBUCIÓN, ETC.
Lugar de publicación, distribución, etc. Madrid :
Nombre del editor, distribuidor, etc. Fragua,
Fecha de publicación, distribución, etc. 2013.
300 ## - DESCRIPCIÓN FÍSICA
Extensión 519 p. ;
Dimensiones 24 cm.
504 ## - NOTA DE BIBLIOGRAFÍA, ETC.
Nota de bibliografía, etc. Incluye referencias bibliográficas.
651 #4 - PUNTO DE ACCESO ADICIONAL DE MATERIA--NOMBRE GEOGRÁFICO
Nombre geográfico Madrid-
Subdivisión general Situación social.
9 (RLIN) 8982
700 1# - ENTRADA AGREGADA--NOMBRE PERSONAL
Nombre de persona Lucas Marín, Antonio.
9 (RLIN) 74545
700 1# - ENTRADA AGREGADA--NOMBRE PERSONAL
Nombre de persona Cortés Beltrán, Carmen.
9 (RLIN) 155613
700 1# - ENTRADA AGREGADA--NOMBRE PERSONAL
Nombre de persona Cáceres Zapatero, María Dolores.
9 (RLIN) 153402
852 4# - LOCALIZACIÓN
Ubicación ES-MaACL
Número de control de estantería N-6261
Holdings
Estatus retirado Estado de pérdida Estado de daño No para préstamo Biblioteca de origen Biblioteca actual Ubicación en estantería Fecha de adquisición Fuente de adquisición Total de préstamos Signatura topográfica completa Código de barras Visto por última vez Precio de reemplazo Tipo de ítem Koha
        Biblioteca del Ateneo de Madrid Biblioteca del Ateneo de Madrid Sala Pecera Depósito 2 17/01/2008     N-6261 1021377 23/02/2023 23/02/2023 Libro impreso